ARRUPE JESUIT UNIVERSITY

CORONAVIRUS -STOP THE SPREAD - CLEAN,DISINFECT,COVER

Sports, juju, and human factor development / (Record no. 124500)

MARC details
000 -LEADER
fixed length control field 01011cam a2200301 a 4500
001 - CONTROL NUMBER
control field 14742314
003 - CONTROL NUMBER IDENTIFIER
control field ARRUPE
005 - DATE AND TIME OF LATEST TRANSACTION
control field 20160329143924.0
008 - FIXED-LENGTH DATA ELEMENTS--GENERAL INFORMATION
fixed length control field 070222s2006 rh a b 000 0 eng
010 ## - LIBRARY OF CONGRESS CONTROL NUMBER
LC control number 2007380156
020 ## - INTERNATIONAL STANDARD BOOK NUMBER
International Standard Book Number 0797432566
040 ## - CATALOGING SOURCE
Original cataloging agency DLC
Transcribing agency DLC
042 ## - AUTHENTICATION CODE
Authentication code lcode
043 ## - GEOGRAPHIC AREA CODE
Geographic area code f-rh---
050 00 - LIBRARY OF CONGRESS CALL NUMBER
Classification number GV673.Z55
Item number S76 2006
300 ## - PHYSICAL DESCRIPTION
Other physical details ill. ;
Dimensions 21 cm.
100 ## - MAIN ENTRY--PERSONAL NAME
Personal name Mararike, Claude Gumbucha
9 (RLIN) 23435
245 00 - TITLE STATEMENT
Title Sports, juju, and human factor development /
Statement of responsibility, etc edited by Claude Gumbucha Mararike.
260 ## - PUBLICATION, DISTRIBUTION, ETC. (IMPRINT)
Place of publication, distribution, etc Harare, Zimbabwe :
Name of publisher, distributor, etc Best Practices Books,
Date of publication, distribution, etc c2006.
300 ## - PHYSICAL DESCRIPTION
Extent vii, 90 p.;
490 0# - SERIES STATEMENT
Series statement Human factor series. Zimbabwe chapter ;
Volume number/sequential designation v. 3
504 ## - BIBLIOGRAPHY, ETC. NOTE
Bibliography, etc Includes bibliographical references.
650 #0 - SUBJECT ADDED ENTRY--TOPICAL TERM
Topical term or geographic name as entry element Sports
Geographic subdivision Zimbabwe.
9 (RLIN) 23436
650 #0 - SUBJECT ADDED ENTRY--TOPICAL TERM
Topical term or geographic name as entry element Sports
General subdivision Social aspects
Geographic subdivision Zimbabwe.
9 (RLIN) 23437
700 1# - ADDED ENTRY--PERSONAL NAME
Personal name Mararike, C. G.
Fuller form of name (Claude G.)
9 (RLIN) 23438
906 ## - LOCAL DATA ELEMENT F, LDF (RLIN)
a 7
b cbc
c origode
d 3
e ncip
f 20
g y-gencatlg
942 ## - ADDED ENTRY ELEMENTS (KOHA)
Source of classification or shelving scheme Library of Congress Classification
Koha item type Monograph ( Printed materials)
Holdings
Withdrawn status Lost status Source of classification or shelving scheme Damaged status Not for loan Collection code Home library Current library Shelving location Date acquired Total Checkouts Full call number Barcode Date last seen Price effective from Koha item type
    Library of Congress Classification     Main Collection ARRUPE LIBRARY ARRUPE LIBRARY Main Collection 29/03/2016   GV673.Z55S76 2006 46500007141 10/04/2018 29/03/2016 Monograph ( Printed materials)

 

Arrupe Library. PO Box MP320 Mt Pleasant, Harare, Zimbabwe
263 242 745411|librarian@aju.ac.zw